1317 1353 1647 1248 1838 1436 1547 1724 1711 1247 1460 1483 1849 1739 1821 1037 1507 1168 1398 1470 1333 1231 1884 1797 1074 1091 1452 1037 1374 1237 1029 1333 1666 1690 1919 1299 1066 1132 1485 1544 1975 1093 1210 1727 1907 1780 1239 1471 1615 1969 1320 1786 1798 1337 1848 1842 1516 1248 1065 1310 1940 1907 1202 1084 1539 1350 1321 1245 1053 1401 1463 1723 1178 1705 1947 1215 1103 1065 1500 1122 1202 1898 1609 1642 1726 1563 1286 1168 1257 1709 1888 1089 1046 1296 1303 1586 1893 1028 1627 BCNSPRNW ULIB Ver.6.0+V

เปลี่ยนเป็นภาษาไทย

Change to English
 แสดงรายละเอียดบรรณานุกรม
  กลับหน้าหลัก

Brief Record : Get Marc (ISO 2709) : E-mail record : QR code < ปิดหน้าต่าง
LEADER : 00000nam 2200000uu 4500
001    13399114847
003     ULIB
008    120611s2553||||th 000 0 tha d
020    9786160602445
090    ^aนว.^bอ525ป 2553
100 0  ^aอัญชรีย์
245 00 ^aปริศนารักจากกามเทพ/^cอัญชรีย์
250    ^aพิมพ์ครั้งที่ 4
260    ^aกรุงเทพฯ:^bแจ่มใส, 2553
300    ^a488 หน้า
945    ^p279^l0^i18290
995    ^aกัณชพร
999    ^aใช้งานได้ทุกระบบ
รายการนี้ยังไม่มีแท็ก
คุณยังไม่ได้ล็อกอิน คุณสามารถมีกิจกรรมร่วมกับเว็บไซต์ได้ แต่ต้องล็อกอินก่อน ::
  ล็อกอิน

รายการสื่อสารสนเทศ

ลำดับที่ ประเภท เลขเรียก/บาร์โค้ด สถานที่ สถานะ
1. นวนิยาย
นวนิยาย
นว. อ525ป 2553  
  Barcode: 18290
ห้องสมุดวิทยาเขตสวรรค์ประชารักษ์
►นวนิยาย
บนชั้น
  ขอยืม

รายการใกล้เคียง
    ผู้แต่ง [อัญชรีย์]

BibComment


ยังไม่เคยถูกคอมเมนท์

คอมเมนท์ทรัพยากรรายการนี้
  คอมเมนท์: ปริศนารักจากกามเ..


 Copyright 2026. Bcnsprnw @Library